| 000 | 00726nam a2200217 i 4500 | ||
|---|---|---|---|
| 001 | 89499 | ||
| 003 | ES-MaACL | ||
| 005 | 20250805063248.0 | ||
| 007 | t| | ||
| 008 | 050111s1977 sp ||||1| spa d | ||
| 100 | 0 |
_aLaozi _9241542 |
|
| 245 | 1 | 0 |
_aDos grandes maestros del taoismo / _cLao Tse, Chuang Tzu ; edición preparada por Carmelo Elorduy. |
| 260 |
_aMadrid : _bEditora Nacional, _c[1977] |
||
| 300 |
_a646 p. ; _c18 cm. |
||
| 490 | 1 | _aBiblioteca de la literatura y el pensamiento universales | |
| 700 | 1 |
_aChuang-tzu. _938679 |
|
| 700 | 1 |
_aElorduy, Carmelo. _947075 |
|
| 830 | 0 |
_aBiblioteca de la literatura y el pensamiento universales _9182217 |
|
| 852 |
_aES-MaACL _jA-7884 |
||
| 999 |
_c89499 _d89499 |
||